[Event "ESP-ch U18"]
[Site "Salobrena"]
[Date "2023.08.02"]
[Round "4"]
[White "Juarros Ruiz, Victor"]
[Black "Bernado Lopez, Roger"]
[Result "0-1"]
[WhiteElo "1948"]
[BlackElo "2170"]
[PlyCount "118"]
[EventDate "2023.07.31"]
[EventType "swiss"]
[EventRounds "9"]
[EventCountry "ESP"]
[SourceTitle "CBM 215 Extra"]
[Source "ChessBase"]
[SourceDate "2023.09.30"]
[SourceVersion "1"]
[SourceVersionDate "2023.09.30"]
[SourceQuality "1"]

1. e4 e5 2. Nf3 Nc6 3. Bc4 Bc5 4. d3 Nf6 5. Be3 Bxe3 6. fxe3 0-0 7. 0-0 d6 8. Qe1 Be6 9. Bb3 Ne7 10. Nbd2 Ng6 11. Qg3 a5 12. Bxe6 fxe6 13. Ng5 Qe7 14. h4 Rae8 15. Qh3 Nd7 16. Rxf8+ Ngxf8 17. Rf1 h6 18. Ngf3 d5 19. Qg3 Qc5 20. Nxe5 Nxe5 21. Qxe5 Qxe3+ 22. Rf2 Ng6 23. Qh2 Rf8 24. g3 Ne5 25. Kf1 Ng4 26. Rxf8+ Kxf8 27. Qg2 Kg8 28. exd5 Qd4 29. Ke2 exd5 30. Nf1 c6 31. Qf3 Ne5 32. Qf5 Qxb2 33. Qc8+ Kh7 34. Qf5+ g6 35. Qe6 Qxc2+ 36. Nd2 Qxd3+ 37. Kd1 Qxg3 38. Qe7+ Kg8 39. Qd8+ Kf7 40. Qc7+ Kf6 41. Qd8+ Kf5 42. Qc8+ Kf4 43. Qf8+ Kg4 44. Qxh6 Qxh4 45. Qf8 Qh5 46. Qc5 Kf4+ 47. Kc2 Qf5+ 48. Kd1 Qg4+ 49. Kc2 Qf5+ 50. Kd1 Ng4 51. Qxa5 Ne3+ 52. Ke1 Kg3 53. Ke2 Qf2+ 54. Kd3 Nf5 55. Qc7+ Kg4 56. Qd7 Qe3+ 57. Kc2 d4 58. Qd8 d3+ 59. Kc3 Qe5+ 0-1

[Event "ESP-ch U18 Rapid"]
[Site "Salobrena"]
[Date "2022.08.07"]
[Round "8"]
[White "Carbonell Sancho, Marc"]
[Black "Juarros Ruiz, Victor"]
[Result "1-0"]
[WhiteElo "1851"]
[BlackElo "1618"]
[PlyCount "97"]
[EventDate "2022.08.06"]
[EventType "swiss (rapid)"]
[EventRounds "9"]
[EventCountry "ESP"]
[SourceTitle "EXT 2023"]
[Source "ChessBase"]
[SourceDate "2022.10.05"]
[SourceVersion "1"]
[SourceVersionDate "2022.10.05"]
[SourceQuality "1"]

1. e4 c5 2. Nf3 d6 3. d4 cxd4 4. Nxd4 Nf6 5. Nc3 a6 6. Bc4 e6 7. Bb3 b5 8. Qf3 Qc7 9. 0-0 Be7 10. Qg3 0-0 11. Bh6 Ne8 12. Rad1 Bd7 13. Rfe1 Nc6 14. Nxc6 Bxc6 15. f4 b4 16. Nb1 a5 17. c3 Qb7 18. f5 Bxe4 19. fxe6 fxe6 20. Bxe6+ Kh8 21. Bd2 Nf6 22. cxb4 axb4 23. Bg5 d5 24. Qh3 Bc5+ 25. Kh1 Rxa2 26. Nd2 Rxb2 27. Bxf6 Rxf6 28. Nxe4 dxe4 29. Bf5 g6 30. Bxe4 Qg7 31. Qc8+ Bf8 32. Bf3 h5 33. h3 b3 34. Qb8 Rf7 35. Re8 Qf6 36. Bd5 Qf2 37. Rg1 Rf6 38. Qb7 h4 39. Be4 Qg3 40. Qe7 Rbf2 41. Qb4 Kg7 42. Qc4 Rf7 43. Qd4+ Kh6 44. Re6 Rg7 45. Rb6 b2 46. Bb1 Be7 47. Be4 Bg5 48. Rxg6+ Rxg6 49. Qh8# 1-0

[Event "ESP-ch U18"]
[Site "Salobrena"]
[Date "2022.08.03"]
[Round "5"]
[White "Juarros Ruiz, Victor"]
[Black "Jimenez Fernandez, Rebeca"]
[Result "0-1"]
[WhiteElo "1909"]
[BlackElo "1908"]
[PlyCount "81"]
[EventDate "2022.08.01"]
[EventType "swiss"]
[EventRounds "9"]
[EventCountry "ESP"]
[SourceTitle "EXT 2023"]
[Source "ChessBase"]
[SourceDate "2022.10.05"]
[SourceVersion "1"]
[SourceVersionDate "2022.10.05"]
[SourceQuality "1"]

1. e4 c5 2. Nf3 d6 3. d4 cxd4 4. Nxd4 Nf6 5. Nc3 g6 6. g3 Bg7 7. Bg2 0-0 8. 0-0 Nc6 9. Nde2 Be6 10. h3 Qd7 11. Kh2 Rfd8 12. Nd5 Rac8 13. a4 Ne5 14. f4 Nc4 15. b3 Ng4+ 16. hxg4 Bxa1 17. bxc4 Bxg4 18. Be3 Bf6 19. Qd3 Bxe2 20. Qxe2 Qxa4 21. Nxf6+ exf6 22. Bd4 Kg7 23. Qg4 Qxc4 24. c3 Rc5 25. f5 Re5 26. Kg1 g5 27. Rb1 b6 28. Bf1 Qa2 29. Bxe5 dxe5 30. Rd1 Rc8 31. c4 b5 32. cxb5 Rc3 33. Rd3 Rc2 34. Qf3 Qa5 35. Ra3 Qd8 36. Qd3 Qc7 37. Qe3 Rb2 38. Qxa7 Qc2 39. Bh3 Qh2+ 40. Kf1 Qxh3+ 41. Ke1 0-1

[Event "ESP-ch U16"]
[Site "Salobrena"]
[Date "2021.07.22"]
[Round "6"]
[White "Juarros Ruiz, Victor"]
[Black "Donate Moreno, David"]
[Result "1/2-1/2"]
[WhiteElo "1965"]
[BlackElo "1750"]
[PlyCount "93"]
[EventDate "2021.07.19"]
[EventType "swiss"]
[EventRounds "9"]
[EventCountry "ESP"]
[SourceTitle "EXT 2022"]
[Source "ChessBase"]
[SourceDate "2021.10.06"]
[SourceVersion "1"]
[SourceVersionDate "2021.10.06"]
[SourceQuality "1"]

1. e4 e5 2. Nc3 Nf6 3. Bc4 Nxe4 4. Qh5 Nd6 5. Qxe5+ Qe7 6. Qxe7+ Bxe7 7. Bb3 Nf5 8. Nf3 c6 9. 0-0 d5 10. Re1 Be6 11. Ne2 Na6 12. c3 0-0 13. Ned4 Nxd4 14. Nxd4 Nc7 15. d3 Bf6 16. Nxe6 Nxe6 17. d4 Rfe8 18. f4 Nc7 19. Be3 Nb5 20. Kf2 Nd6 21. Bc2 g6 22. Kf3 Re7 23. Bf2 Rae8 24. Rxe7 Rxe7 25. Bd3 Bg7 26. g4 f6 27. h3 Kf7 28. a4 Bf8 29. a5 Rd7 30. Be3 Be7 31. f5 Rd8 32. Bf4 g5 33. Bg3 h6 34. Re1 Rg8 35. Re2 Rd8 36. Re6 Rd7 37. Ke2 Rd8 38. Kd1 Rd7 39. Kc2 Rd8 40. Re1 Rc8 41. Re6 Rd8 42. b3 Rd7 43. Bf2 Bd8 44. a6 b5 45. Be3 Bc7 46. Bc1 Re7 47. Rxe7+ 1/2-1/2

[Event "ESP-ch U16"]
[Site "Salobrena"]
[Date "2021.07.19"]
[Round "1"]
[White "Lopez Milian, Adela"]
[Black "Juarros Ruiz, Victor"]
[Result "0-1"]
[WhiteElo "1576"]
[BlackElo "1965"]
[PlyCount "82"]
[EventDate "2021.07.19"]
[EventType "swiss"]
[EventRounds "9"]
[EventCountry "ESP"]
[SourceTitle "EXT 2022"]
[Source "ChessBase"]
[SourceDate "2021.10.06"]
[SourceVersion "1"]
[SourceVersionDate "2021.10.06"]
[SourceQuality "1"]

1. d4 Nf6 2. c4 g6 3. Nc3 Bg7 4. Nf3 0-0 5. Bf4 d6 6. e3 Nc6 7. Be2 a6 8. 0-0 Rb8 9. a3 h6 10. b4 e5 11. Bg3 Nh5 12. Rc1 f5 13. h3 Qe8 14. Nd5 Qf7 15. b5 Nxg3 16. fxg3 Nd8 17. a4 Ne6 18. g4 exd4 19. gxf5 gxf5 20. exd4 c6 21. Nb6 Nf4 22. Nxc8 Rbxc8 23. bxa6 bxa6 24. c5 Qg6 25. Ne1 Bxd4+ 26. Kh1 Nxe2 27. Qxe2 Bxc5 28. Qxa6 Qe8 29. Nd3 Be3 30. Rfe1 f4 31. Qc4+ d5 32. Qb3 Qh5 33. Ra1 Rce8 34. Rf1 c5 35. Qa2 c4 36. Nb4 Bc5 37. Na6 Re2 38. Qb1 Bd6 39. Qd1 f3 40. Rxf3 Rxf3 41. Qxe2 Rxh3+ 0-1

[Event "Pontevedra op 7th"]
[Site "Pontevedra"]
[Date "2019.08.13"]
[Round "8"]
[White "Juarros Ruiz, Victor"]
[Black "Pintor, Simao Maciel Abranc"]
[Result "0-1"]
[WhiteElo "1953"]
[BlackElo "2076"]
[PlyCount "112"]
[EventDate "2019.08.08"]
[EventType "swiss"]
[EventRounds "9"]
[EventCountry "ESP"]
[SourceTitle "EXT 2020"]
[Source "ChessBase"]
[SourceDate "2019.10.17"]
[SourceVersion "1"]
[SourceVersionDate "2019.10.17"]
[SourceQuality "1"]

1. e4 c5 2. Nf3 g6 3. c4 Nc6 4. d4 cxd4 5. Nxd4 Bg7 6. Be3 Nf6 7. Nc3 0-0 8. f3 d6 9. Be2 Nxd4 10. Bxd4 Bd7 11. Qd2 a5 12. b3 a4 13. b4 Rc8 14. Rc1 Be6 15. Nxa4 Nd7 16. Be3 Ra8 17. Nc3 Ne5 18. Nd5 Ra3 19. 0-0 Bxd5 20. cxd5 Qa8 21. Rc2 Qa4 22. Rfc1 b5 23. Bb6 Nc4 24. Bxc4 bxc4 25. Rxc4 Rxa2 26. R4c2 Rxc2 27. Rxc2 Bh6 28. Qc3 Bg7 29. Qc4 Rb8 30. Ba5 Bd4+ 31. Kf1 Qa1+ 32. Rc1 Qa3 33. Rd1 Ba7 34. Qd3 Qb2 35. Qe2 Qe5 36. g3 Qc3 37. Kg2 Rc8 38. Rd3 Qa1 39. Rd1 Qa4 40. Rd2 Rc1 41. Ra2 Rg1+ 42. Kh3 Qd7+ 43. g4 h5 44. b5 hxg4+ 45. fxg4 Bd4 46. Ra4 Be5 47. Be1 Kg7 48. Bf2 Rb1 49. Ra7 Qc8 50. Kg2 Rb2 51. Qxb2 Bxb2 52. b6 Qxg4+ 53. Kf1 Qf3 54. Kg1 Qd1+ 55. Kg2 Bd4 56. b7 Qd2 0-1

[Event "Pontevedra op 7th"]
[Site "Pontevedra"]
[Date "2019.08.11"]
[Round "5"]
[White "Barbazan Bilbao, Xabier"]
[Black "Juarros Ruiz, Victor"]
[Result "1-0"]
[WhiteElo "2140"]
[BlackElo "1953"]
[PlyCount "99"]
[EventDate "2019.08.08"]
[EventType "swiss"]
[EventRounds "9"]
[EventCountry "ESP"]
[SourceTitle "EXT 2020"]
[Source "ChessBase"]
[SourceDate "2019.10.17"]
[SourceVersion "1"]
[SourceVersionDate "2019.10.17"]
[SourceQuality "1"]

1. d4 Nf6 2. g3 g6 3. Bg2 Bg7 4. e4 d6 5. Nc3 0-0 6. Nge2 e5 7. h3 c6 8. Be3 Nbd7 9. 0-0 Re8 10. g4 h6 11. Qd2 Kh7 12. a4 Qc7 13. Rad1 Bf8 14. f4 exf4 15. Rxf4 Bg7 16. Rdf1 b6 17. h4 h5 18. g5 Ng4 19. Rxf7 Rf8 20. Rxf8 Nxf8 21. Bf4 Ba6 22. Bg3 Ne6 23. Bh3 Re8 24. Bxg4 hxg4 25. Rf2 Qd7 26. b4 Bc4 27. d5 cxd5 28. exd5 Nc7 29. Qf4 Bxd5 30. Qxd6 Qxd6 31. Bxd6 Bf3 32. Bxc7 Rc8 33. Nb5 a6 34. Ned4 axb5 35. Nxb5 Re8 36. c3 Re1+ 37. Kh2 Ra1 38. a5 bxa5 39. bxa5 Rh1+ 40. Kg3 Ra1 41. Kf4 Ra4+ 42. Ke3 Rc4 43. Kd3 Rc5 44. c4 Kg8 45. a6 Rc6 46. Ra2 Re6 47. a7 Ba8 48. Bb8 Rb6 49. Bd6 Kf7 50. Re2 1-0

[Event "Pontevedra op 7th"]
[Site "Pontevedra"]
[Date "2019.08.10"]
[Round "4"]
[White "Juarros Ruiz, Victor"]
[Black "Martins, Manuel Jose Lopes"]
[Result "1-0"]
[WhiteElo "1953"]
[BlackElo "1735"]
[PlyCount "121"]
[EventDate "2019.08.08"]
[EventType "swiss"]
[EventRounds "9"]
[EventCountry "ESP"]
[SourceTitle "EXT 2020"]
[Source "ChessBase"]
[SourceDate "2019.10.17"]
[SourceVersion "1"]
[SourceVersionDate "2019.10.17"]
[SourceQuality "1"]

1. e4 c5 2. Nf3 d6 3. d4 cxd4 4. Nxd4 Nf6 5. f3 a6 6. c4 e6 7. Nc3 Be7 8. Be3 Bd7 9. Qd2 Nc6 10. Be2 Rc8 11. 0-0 0-0 12. Rfd1 Nxd4 13. Bxd4 Bc6 14. b3 Nd7 15. Be3 Ne5 16. Rac1 Qe8 17. a4 f6 18. f4 Nd7 19. Bg4 f5 20. exf5 exf5 21. Bf3 Nf6 22. Bd5+ Nxd5 23. Nxd5 Bf6 24. Re1 Qf7 25. Rcd1 Rcd8 26. Bb6 Rd7 27. a5 Kh8 28. Re2 h6 29. Qe1 Qg6 30. Re6 Qg4 31. Qe2 Qxe2 32. Rxe2 Bd8 33. Bxd8 Rfxd8 34. Red2 Re8 35. Kf2 Re6 36. Rd3 Rd8 37. R1d2 Re4 38. g3 Rde8 39. Nb4 d5 40. Nxd5 Re1 41. Re3 R8xe3 42. Nxe3 Ra1 43. Nxf5 Rxa5 44. Nd4 Be4 45. Ke3 Bg6 46. g4 Ra3 47. f5 Bf7 48. Ke4 Kg8 49. Ke5 Kf8 50. Kd6 b5 51. cxb5 axb5 52. b4 Bc4 53. Kc5 Rd3 54. Rxd3 Bxd3 55. Nxb5 Ke7 56. Nc7 Kf6 57. Kd4 Be2 58. h3 Bf1 59. b5 Bxh3 60. b6 Ke7 61. b7 1-0

[Event "Pontevedra op-B 6th"]
[Site "Pontevedra"]
[Date "2018.08.13"]
[Round "8"]
[White "Llaneza Mendez, Javier"]
[Black "Juarros Ruiz, Victor"]
[Result "0-1"]
[WhiteElo "1925"]
[BlackElo "1818"]
[PlyCount "170"]
[EventDate "2018.08.08"]
[EventType "swiss"]
[EventRounds "9"]
[EventCountry "ESP"]
[SourceTitle "CBM 186 Extra"]
[Source "ChessBase"]
[SourceDate "2018.08.24"]
[SourceVersion "1"]
[SourceVersionDate "2018.08.24"]
[SourceQuality "1"]

1. e4 c5 2. Nf3 d6 3. c3 Nf6 4. Be2 Nc6 5. d3 e6 6. 0-0 Be7 7. Bg5 0-0 8. Nbd2 Rb8 9. d4 d5 10. e5 Nd7 11. Bf4 Qb6 12. c4 Ra8 13. Qb3 dxc4 14. Qxb6 Nxb6 15. dxc5 Bxc5 16. Nxc4 Nxc4 17. Bxc4 Rd8 18. Rad1 Bd7 19. Bb5 h6 20. Rfe1 Rac8 21. h3 Bb6 22. Re2 a6 23. Red2 Be8 24. Rxd8 Rxd8 25. Rxd8 Bxd8 26. Bd3 Nb4 27. Bc4 b5 28. a3 Nc6 29. Bd3 Bc7 30. Bg3 Kf8 31. a4 Nb4 32. Be2 bxa4 33. Bf4 Nd5 34. Bd2 Bb5 35. Bd1 Ke7 36. Bc2 Kd7 37. g4 Bb6 38. g5 hxg5 39. Nxg5 f6 40. exf6 gxf6 41. Ne4 Ke7 42. Nc3 Nxc3 43. Bxc3 Bc5 44. Kg2 a3 45. bxa3 Bxa3 46. Kf3 Bc5 47. Kg3 Kf7 48. Bb3 f5 49. h4 Bd6+ 50. Kf3 Bc6+ 51. Ke3 Bc5+ 52. Bd4 f4+ 53. Kd3 Bd6 54. h5 Bd5 55. Bxd5 exd5 56. Ke2 Kg8 57. Kf3 Kh7 58. Kg4 Kh6 59. f3 a5 60. Kh4 a4 61. Kg4 a3 62. Kf5 a2 63. Ba1 Kxh5 64. Ke6 Kh4 65. Kxd5 Kg3 66. Ke4 Bc5 67. Be5 Be3 68. Bc3 Kf2 69. Ba1 Ke2 70. Bc3 Bc1 71. Ba1 Kd2 72. Kd4 Kc2 73. Ke4 Bb2 74. Bxb2 Kxb2 75. Kxf4 a1Q 76. Kg5 Qa8 77. f4 Qf8 78. f5 Kc3 79. f6 Kd4 80. Kf5 Kd5 81. Kg6 Ke6 82. Kh7 Qxf6 83. Kg8 Qe7 84. Kh8 Kf6 85. Kg8 Qg7# 0-1

[Event "Pontevedra op-B 6th"]
[Site "Pontevedra"]
[Date "2018.08.10"]
[Round "3"]
[White "Juarros Ruiz, Victor"]
[Black "Rocha Romaus, Gumersindo"]
[Result "1-0"]
[WhiteElo "1818"]
[BlackElo "1918"]
[PlyCount "101"]
[EventDate "2018.08.08"]
[EventType "swiss"]
[EventRounds "9"]
[EventCountry "ESP"]
[SourceTitle "CBM 186 Extra"]
[Source "ChessBase"]
[SourceDate "2018.08.24"]
[SourceVersion "1"]
[SourceVersionDate "2018.08.24"]
[SourceQuality "1"]

1. e4 e5 2. Nc3 Nf6 3. Bc4 Bc5 4. f4 d6 5. Nf3 Nc6 6. d3 Ng4 7. Rf1 0-0 8. Ng5 Na5 9. f5 Nf6 10. h4 c6 11. Qf3 b5 12. Bb3 Nxb3 13. axb3 d5 14. g4 b4 15. Nd1 dxe4 16. dxe4 h6 17. Nxf7 Rxf7 18. g5 Ne8 19. Qh5 Qd4 20. Nf2 a5 21. g6 Rd7 22. Qf3 Ba6 23. Rxa5 Bb6 24. Ra4 Raa7 25. Rxa6 Rxa6 26. Ng4 Ra1 27. Ke2 Rd8 28. f6 gxf6 29. Nxh6+ Kh8 30. Nf7+ Kg7 31. Nxd8 Bxd8 32. Bh6+ Kxh6 33. Rxa1 Qxb2 34. Rd1 Bb6 35. g7 Nxg7 36. Qxf6+ Kh7 37. Qxc6 Bd4 38. h5 Qc3 39. Qg6+ Kg8 40. Rxd4 exd4 41. h6 Qe3+ 42. Kd1 Qf3+ 43. Kc1 Qf4+ 44. Kb2 Qe5 45. Qxg7+ Qxg7 46. hxg7 Kxg7 47. Kc1 Kf6 48. Kd2 Ke6 49. Ke2 Kf6 50. Kf2 Ke6 51. Kg3 1-0

[Event "Pontevedra op 5th"]
[Site "Pontevedra"]
[Date "2017.08.10"]
[Round "3"]
[White "Juarros Ruiz, Victor"]
[Black "Pap, Misa"]
[Result "0-1"]
[WhiteElo "1708"]
[BlackElo "2491"]
[PlyCount "60"]
[EventDate "2017.08.08"]
[EventType "swiss"]
[EventRounds "9"]
[EventCountry "ESP"]
[SourceTitle "CBM 179 Extra"]
[Source "ChessBase"]
[SourceDate "2017.08.23"]
[SourceVersion "1"]
[SourceVersionDate "2017.08.23"]
[SourceQuality "1"]

1. e4 e5 2. Nc3 Nf6 3. Bc4 c6 4. d4 Bb4 5. dxe5 Nxe4 6. Bxf7+ Kxf7 7. Qf3+ Nf6 8. exf6 Qxf6 9. Qxf6+ gxf6 10. Bd2 d5 11. Nge2 Rg8 12. Rg1 Nd7 13. 0-0-0 Ne5 14. Bf4 Bc5 15. Nd4 Bxd4 16. Rxd4 Nf3 17. Rdd1 Nxg1 18. Rxg1 Bf5 19. f3 Rae8 20. Kd2 d4 21. Ne2 c5 22. Ng3 Bg6 23. Bh6 Re6 24. h4 Bxc2 25. Bf4 Ba4 26. Ne4 b6 27. b3 Bc6 28. Nd6+ Ke7 29. Nf5+ Kd7 30. Bg3 Bb5 0-1

[Event "ESP-ch U12"]
[Site "Granada"]
[Date "2016.07.08"]
[Round "7"]
[White "Juarros Ruiz, Victor"]
[Black "Bosch Jorda, Ricard"]
[Result "0-1"]
[WhiteElo "1481"]
[BlackElo "1684"]
[PlyCount "97"]
[EventDate "2016.07.04"]
[EventType "swiss"]
[EventRounds "9"]
[EventCountry "ESP"]
[SourceTitle "EXT 2024"]
[Source "ChessBase"]
[SourceDate "2023.10.10"]
[SourceVersion "1"]
[SourceVersionDate "2023.10.10"]
[SourceQuality "1"]

1. e4 c6 2. d4 d5 3. exd5 cxd5 4. Bf4 Bf5 5. Bd3 Bxd3 6. Qxd3 Nc6 7. Nf3 Nf6 8. 0-0 e6 9. c3 Be7 10. Nbd2 0-0 11. Ne5 Nxe5 12. Bxe5 Bd6 13. f4 Rb8 14. Qg3 b5 15. f5 Rb6 16. fxe6 fxe6 17. Qh3 Bxe5 18. dxe5 Nd7 19. Nf3 Rf5 20. Rfe1 b4 21. Nd4 Rxe5 22. Rxe5 Nxe5 23. Nxe6 Qd7 24. Ng5 Qxh3 25. Nxh3 Nd3 26. cxb4 Nxb2 27. Nf4 d4 28. Rb1 Rxb4 29. a3 Rb6 30. Nd5 Rd6 31. Rxb2 Rxd5 32. Kf2 Ra5 33. Rb3 Kf7 34. Kf3 Ke6 35. Ke4 Ra4 36. Kd3 Ke5 37. g3 a6 38. Kd2 Ke4 39. Ke2 Rc4 40. Kd2 d3 41. Kd1 Ke3 42. Rb8 Ra4 43. Rb3 Ra5 44. h4 Rf5 45. Ke1 Rf3 46. Rb8 d2+ 47. Kd1 Rf1+ 48. Kc2 Rf2 49. Rb3+ 0-1

[Event "ESP-ch U12"]
[Site "Granada"]
[Date "2016.07.05"]
[Round "3"]
[White "Juarros Ruiz, Victor"]
[Black "Clemente Chen, Alfredo"]
[Result "0-1"]
[WhiteElo "1481"]
[BlackElo "1738"]
[PlyCount "114"]
[EventDate "2016.07.04"]
[EventType "swiss"]
[EventRounds "9"]
[EventCountry "ESP"]
[SourceTitle "EXT 2024"]
[Source "ChessBase"]
[SourceDate "2023.10.10"]
[SourceVersion "1"]
[SourceVersionDate "2023.10.10"]
[SourceQuality "1"]

1. e4 c5 2. Nf3 e6 3. g3 d5 4. e5 Nc6 5. d3 g6 6. Bg2 Bg7 7. Bf4 Nge7 8. 0-0 0-0 9. Re1 b5 10. Nbd2 a5 11. Nf1 Ba6 12. h4 c4 13. d4 b4 14. c3 bxc3 15. bxc3 Nb8 16. N3h2 Nd7 17. h5 h6 18. hxg6 fxg6 19. Bh3 Nf5 20. Ne3 Qe7 21. Nxf5 exf5 22. Bg2 Bb7 23. Rb1 Bc6 24. Qc2 Rfc8 25. a4 Nf8 26. Rb5 Qd7 27. Rb6 Ne6 28. Qa2 Rcb8 29. Reb1 Rxb6 30. Rxb6 Rc8 31. Bc1 Kf7 32. Ba3 Bf8 33. Bxf8 Kxf8 34. Qa3+ Kf7 35. Nf3 f4 36. Qd6 fxg3 37. fxg3 Bxa4 38. Qxd7+ Bxd7 39. Ra6 a4 40. Nd2 Nc7 41. Ra7 Ke7 42. Bf3 Nb5 43. Rb7 Rc7 44. Rxc7 Nxc7 45. Nb1 Nb5 46. Bxd5 Be6 47. Bc6 a3 48. Nxa3 Nxa3 49. d5 Bd7 50. d6+ Ke6 51. Bxd7+ Kxd7 52. Kf2 Nb5 53. Ke3 Ke6 54. Ke4 Nxc3+ 55. Kd4 Na4 56. Kxc4 Kxe5 57. Kb5 Kxd6 0-1